Floristické novosti z hlavného chrbta Veľkej Fatry

Podrobná bibliografia
Hlavní autori: Bernátová, Dana (Author), Kučera, Peter (Author), Kliment, Ján (Author), Topercer, Ján (Author)
Médium: Článok
Jazyk:Slovak
Témy:
ISBN: 9788096926565
Zdroj: 1. Bulletin Slovenskej botanickej spoločnosti 29 1. Bratislava : Slovenská botanická spoločnosť, 2007 1. S. 47-52 1. 9788096926565
LEADER 01244naa#a2200409#ar4500
001 000088674
003 SVKKK
005 20080401142702.0
008 080331s2007 xo #|0||||||||0|||b|slo
FMT
015 |a SNBRA2008/03 
038 |a SVKKK 
040 |a SVKKK  |b slo  |e AACR2 
041 0 |a slo  |b eng 
044 |a xo  |c SK 
080 |a 582.35/.99  |x (437.6)  |2 1997 
080 |a 504.05  |x (437.6)  |2 1997 
245 1 0 |a Floristické novosti z hlavného chrbta Veľkej Fatry  |c Dana Bernátová ... [et al.] 
246 3 1 |a Floristic novelties from the main ridge of the Veľká Fatra Mts 
300 |b Obr. 
504 |a Bibliogr. odkazy 
546 |a Res. angl. 
650 0 4 |a cievnaté rastliny  |x nomenklatúra  |x ochrana  |x fytocenologické zápisy  |z Veľká Fatra (Slovensko) 
651 4 |a Veľká Fatra (Slovensko)  |x flóra 
700 1 |a Bernátová, Dana  |4 aut 
700 1 |a Kučera, Peter  |4 aut 
700 1 |a Kliment, Ján  |4 aut 
700 1 |a Topercer, Ján  |4 aut 
773 0 |t Bulletin Slovenskej botanickej spoločnosti 29  |d Bratislava : Slovenská botanická spoločnosť, 2007  |g S. 47-52  |z 9788096926565 
958 |a NB 
958 |a SK 
974 |a Ma 
992 |a RZB 
BAS
852 |a SVKKK  |b BIB 
EXP
998 |a GEO